000 00968nam a2200265 i 4500
001 13865
003 ES-MaACL
005 20250822035938.0
007 t|
008 980715s1996 sp ||||1| spa d
020 _a84-7658-449-0
080 _a316.6
245 0 0 _aIntervención psicosocial
_b: elementos de programación y evaluación socialmente eficaces /
_cCésar San Juan Guillén (coord.).
250 _a1ª ed.
260 _aBarcelona :
_bAnthropos ;
_aSanta Fe de Bogotá :
_bUniandes,
_c1996.
300 _a268 p. ;
_c20 cm.
490 1 _aAutores, textos y temas. Psicología ;
_v23.
_aPsicología social
504 _aBibliografía: p. 249-266.
650 1 7 _aPsicología social
_2embne
_916573
650 1 7 _aPsicología comunitaria
_2embne
_916557
700 1 _aSan Juan Guillén, César.
_9102251
830 0 0 _aAutores, textos y temas.
_pPsicología
_v23.
_9177279
852 _aES-MaACL
_jL-21140
_bR.125793
999 _c13865
_d13865